000 00506nam a2200229Ia 4500
003 IT-RoPAU
008 120407s9999 xx 000 0 und d
040 _aIT-RoPAU
040 _cIT-RoPAU
041 _aita
100 _aPierre Grelot
245 _aRéflexions sur le problème du péché originel.
250 _aTournai
260 _aCasterman
260 _c1968
300 _a124 p.
300 _c21 cm
490 _a 1. Peccato originale.
490 _v1
942 _cBK
999 _c24861
_d24861